000 00621nam a2200205Ia 4500
003 LDD
008 181029s9999 xx 000 0 und d
020 _a415361222
_cP 70.00
040 _cLDD
100 _aMeckled-Garcia, Saladin
245 0 _aTheLegalization of Human Rights
_bmultidisciplinary perspectives on human rights
_cSaladin Meckled-Garcia
250 _a1st Ed.
260 _aOxon
_bRoutledge
_c2006
300 _ax, 208p.
365 _bP 70.00
901 _a3242
_b19-01-2006
902 _a7361
_b12-07-2006
_cF
_dOP
_e34
903 _aDiscount-10
_bReqst by : Nayak, Pandav (Prof.)
942 _2ddc
_cBK
999 _c76394
_d76394